| 000 | 00762nam a22002297a 4500 | ||
|---|---|---|---|
| 005 | 20170124110158.0 | ||
| 010 | _aA-904931 | ||
| 020 |
_c325.00 _a8170001994 |
||
| 035 | _aA-904931 | ||
| 037 | _bCen Lib/Ret | ||
| 040 |
_aDPL _bEN |
||
| 082 |
_a020.0954 _bRAM |
||
| 100 |
_aRamaiah, L. S. _9970 |
||
| 245 |
_aLibrary and information science in India : _cby L. S. Ramaiah _bglimpses and reflections / |
||
| 260 |
_aNew Delhi _bEss Ess Publications _c1996 |
||
| 270 |
_a4831/24, Ansari Road, Darya Ganj _bNew Delhi _e110002 |
||
| 300 |
_a195p. _c21cm(Hb) |
||
| 500 | _aIncludes index | ||
| 650 |
_aLibrary science -- India -- History _935527 |
||
| 650 |
_aInformation science -- India -- History _935528 |
||
| 942 |
_2ddc _cEN _h020.0954 _mRAM |
||
| 999 |
_c132710 _d132710 |
||